Optimizing Production Efficiency of Manufacturing Assembling Line through Kilbridge& Wester Line Balancing Method / (Record no. 535458)

000 -LEADER
fixed length control field 00584nam a22001577a 4500
020 ## - INTERNATIONAL STANDARD BOOK NUMBER
Qualifying information Hard Cover.
082 ## - DEWEY DECIMAL CLASSIFICATION NUMBER
Classification number 670.5
100 ## - MAIN ENTRY--PERSONAL NAME
Personal name Muhammad Saeed Awan,
245 ## - TITLE STATEMENT
Title Optimizing Production Efficiency of Manufacturing Assembling Line through Kilbridge& Wester Line Balancing Method /
Statement of responsibility, etc. Muhammad Saeed Awan,
260 ## - PUBLICATION, DISTRIBUTION, ETC.
Place of publication, distribution, etc. Karachi :
Name of publisher, distributor, etc. PNEC - NUST,
Date of publication, distribution, etc. 2017.
300 ## - PHYSICAL DESCRIPTION
Extent 71 p. : ill. ;
Dimensions 30cm.
942 ## - ADDED ENTRY ELEMENTS (KOHA)
Source of classification or shelving scheme
Koha item type Thesis
650 ## - SUBJECT ADDED ENTRY--TOPICAL TERM
Topical term or geographic name entry element Industrial & Manufacturing Engineering MS-Thesis
700 ## - ADDED ENTRY--PERSONAL NAME
Personal name Dr. Salman Nisar.
650 ## - SUBJECT ADDED ENTRY--TOPICAL TERM
-- 16120
700 ## - ADDED ENTRY--PERSONAL NAME
-- 29577
Holdings
Withdrawn status Lost status Source of classification or shelving scheme Damaged status Not for loan Permanent Location Current Location Shelving location Date acquired Full call number Barcode Date last seen Price effective from Non-public note Koha item type
          Central Library (CL) Central Library (CL) Thesis 09/10/2020 670.5 CL-T-6160 09/10/2020 09/10/2020 Minute Sheet No. 0929/02/CL/Survey/5 dated 23rd April 2024 E-MIN ID 114741 Thesis
© 2023 Central Library, National University of Sciences and Technology. All Rights Reserved.